000 00588nam a22001575i 4500
001 156244
003 ES-MaACL
005 20230906210345.0
008 981211s1872 fr |||| | fre d
040 _aCCPB | B
_bspa
_cCCPB | B
100 1 _aJanet, Paul (
_d1823-1899)
_966018
245 1 4 _aLes problèmes du XIXe siècle
_b: la politique, la littérature, la science, la philosophie, la religion /
_cpar Paul Janet.
260 _aParis :
_bMichel Lévy Frères, Éditeurs :
_bLibrairie Nouvelle,
_c1872.
300 _aIV, 502 p. ;
_c22 cm.
852 _aES-MaACL
_jB-6616
_z-- Enc. pasta
999 _c156244
_d156244